00611nam a2200193Ia 4500008004100000020001400041082001700055100001900072245003000091250000800121260004700129300002800176500001900204600002700223650001500250942000700265952013000272999001500402240925s9999 xx 000 0 und d a195116909 a621.3815 SED aSedra, Adel S. 0aMicroelectronic Circuits  a4th aNew York:bOxford University Pressc,1998. axii,492p.bNAfOriginal aIncludes Index aElectronic Engineering aTechnology cBK 001040708ELaUITUbUITUd1999-02-22eFair Book Centerg895.00l0o621.3815 SEDpQ2030r2024-09-25 07:12:38w2024-09-25yBK c4529d4529